| 000 -CABECERA |
| Longitud fija campo de control |
00476nam a2200169 a 4500 |
| 001 - NÚMERO DE CONTROL |
| Número de control |
5952 |
| 003 - IDENTIFICADOR DEL NÚMERO DE CONTROL |
| Identificador del número de control |
CDMR |
| 005 - FECHA Y HORA DE LA ÚLTIMA TRANSACCIÓN |
| Fecha y hora de la última transacción |
20140709175401.0 |
| 008 - CÓDIGOS DE INFORMACIÓN DE LONGITUD FIJA |
| Códigos de información de longitud fija |
130220s2000||||||||||||||||||||||||||||d |
| 040 ## - FUENTE DE LA CATALOGACIÓN |
| Centro catalogador de origen |
CDMR |
| Lengua de catalogación |
cat |
| Centro transcriptor |
CDMR |
| 100 1# - PUNTO DE ACCESO PRINCIPAL-NOMBRE DE PERSONA |
| 9 (RLIN) |
514 |
| Nombre de persona |
Sempronio |
| 245 10 - MENCIÓN DE TÍTULO |
| Título |
Sempronio en primera persona |
| Resto del título |
: Centenari (1908-2008) |
| Mención de responsabilidad, etc. |
articles seleccionats per Fanny da Rosa |
| 260 ## - PUBLICACIÓN, DISTRIBUCIÓN, ETC. (PIE DE IMPRENTA) |
| Lugar de publicación, distribución, etc. |
Esplugues |
| Nombre del editor, distribuidor, etc. |
Delfos |
| Fecha de publicación, distribución, etc. |
2000 |
| 300 ## - DESCRIPCIÓN FÍSICA |
| Extensión |
260 p ; |
| Dimensiones |
17 cm |
| 700 1# - PUNTO DE ACCESO ADICIONAL - NOMBRE DE PERSONA |
| 9 (RLIN) |
2968 |
| Nombre de persona |
Rosa, Fanny da |
| 942 ## - ENTRADA DE ELEMENTOS AGREGADOS (KOHA) |
| Koha [por defecto] tipo de item |
Monografies |
| Fuente de clasificaión o esquema |
|